000 00464nam a2200181Ia 4500
001 16262
005 20260306170256.0
008 260306t2012||||xx |||||||||||||| ||und||
041 _aESP
082 _a347.51
_bO81
100 _aOsorio Ruiz, Zaida Isabel
_eAUT
245 0 _aProcesos civiles en el marco de la ley general de sociedades
260 _c2012
300 _a702 páginas :
_c24 cm.
650 _aGEN
654 _aCDE
942 _cLIB
_dJUS
_fJUS
_2ddc
_n
999 _c16262
_d16262